| 000 | 00552nam a22001817a 4500 | ||
|---|---|---|---|
| 005 | 20251108165549.0 | ||
| 008 | 250721s9999 xx 000 0 ara d | ||
| 082 | 1 | 4 | _aط/216/كتا |
| 100 | 1 |
_aعبد العزيز، أحمد _eرسام |
|
| 245 | 1 | 0 | _aكتاب المسلم الصغير / |
| 264 | 1 |
_aالقاهرة : _bشركة سفير، _c[19-]. |
|
| 300 | _a32ص | ||
| 490 | 0 | _aاجيالنا الرشيدة | |
| 650 | 1 | 7 | _aالإسلام |
| 653 | _aاطفال مرحلة متوسطة (6-9) سنوات | ||
| 942 |
_2ddc _cBK |
||
| 999 |
_c30859 _d30859 |
||